<?xml version="1.0" encoding="UTF-8"?>
<record
    xmlns:xsi="http://www.w3.org/2001/XMLSchema-instance"
    xsi:schemaLocation="http://www.loc.gov/MARC21/slim http://www.loc.gov/standards/marcxml/schema/MARC21slim.xsd"
    xmlns="http://www.loc.gov/MARC21/slim">

  <leader>00638nas a22001937a 4500</leader>
  <controlfield tag="003">OSt</controlfield>
  <controlfield tag="005">20170731142047.0</controlfield>
  <controlfield tag="008">130402s2012    s  ||||| |||| 00| 0 cat d</controlfield>
  <datafield tag="040" ind1=" " ind2=" ">
    <subfield code="c">CDMR</subfield>
    <subfield code="b">cat</subfield>
  </datafield>
  <datafield tag="245" ind1=" " ind2="0">
    <subfield code="a">Guia de la comunicaci&#xF3; de les comarques de Girona </subfield>
  </datafield>
  <datafield tag="260" ind1=" " ind2=" ">
    <subfield code="a">Girona</subfield>
    <subfield code="b">Col&#xB7;legi de Periodistes de Catalunya. Demarcaci&#xF3; de Girona</subfield>
  </datafield>
  <datafield tag="260" ind1=" " ind2=" ">
    <subfield code="b">Diputaci&#xF3; de Girona</subfield>
    <subfield code="c">1994--</subfield>
  </datafield>
  <datafield tag="300" ind1=" " ind2=" ">
    <subfield code="a">v.</subfield>
  </datafield>
  <datafield tag="310" ind1=" " ind2=" ">
    <subfield code="a">irregular</subfield>
  </datafield>
  <datafield tag="500" ind1=" " ind2=" ">
    <subfield code="a">Canvien el DL cada any</subfield>
  </datafield>
  <datafield tag="650" ind1="0" ind2="7">
    <subfield code="2">lemac</subfield>
    <subfield code="9">3553</subfield>
    <subfield code="a">Premsa</subfield>
    <subfield code="x">Directoris</subfield>
    <subfield code="z">Girona (Prov&#xED;ncia)</subfield>
  </datafield>
  <datafield tag="710" ind1="2" ind2=" ">
    <subfield code="9">95</subfield>
    <subfield code="a">Col&#xB7;legi de Periodistes de Catalunya</subfield>
    <subfield code="b"> -- Demarcaci&#xF3; de Girona</subfield>
  </datafield>
  <datafield tag="942" ind1=" " ind2=" ">
    <subfield code="2">udc</subfield>
    <subfield code="c">SER</subfield>
  </datafield>
  <datafield tag="999" ind1=" " ind2=" ">
    <subfield code="c">6035</subfield>
    <subfield code="d">6035</subfield>
  </datafield>
  <datafield tag="952" ind1=" " ind2=" ">
    <subfield code="0">0</subfield>
    <subfield code="1">0</subfield>
    <subfield code="4">0</subfield>
    <subfield code="7">0</subfield>
    <subfield code="a">CDMR</subfield>
    <subfield code="b">CDMR</subfield>
    <subfield code="d">2013-01-16</subfield>
    <subfield code="h">2012</subfield>
    <subfield code="l">0</subfield>
    <subfield code="o">Bb</subfield>
    <subfield code="p">CDMR13096883</subfield>
    <subfield code="r">2013-09-25</subfield>
    <subfield code="w">2013-09-25</subfield>
    <subfield code="y">SER</subfield>
  </datafield>
  <datafield tag="952" ind1=" " ind2=" ">
    <subfield code="0">0</subfield>
    <subfield code="1">0</subfield>
    <subfield code="4">0</subfield>
    <subfield code="7">0</subfield>
    <subfield code="a">CDMR</subfield>
    <subfield code="b">CDMR</subfield>
    <subfield code="d">2017-07-27</subfield>
    <subfield code="e">Donaci&#xF3;</subfield>
    <subfield code="h">2016</subfield>
    <subfield code="l">0</subfield>
    <subfield code="o">Bb</subfield>
    <subfield code="p">CDMR17070016</subfield>
    <subfield code="r">2017-07-27</subfield>
    <subfield code="w">2017-07-27</subfield>
    <subfield code="y">SER</subfield>
  </datafield>
  <datafield tag="952" ind1=" " ind2=" ">
    <subfield code="0">0</subfield>
    <subfield code="1">0</subfield>
    <subfield code="4">0</subfield>
    <subfield code="7">0</subfield>
    <subfield code="a">LLEIDA</subfield>
    <subfield code="b">LLEIDA</subfield>
    <subfield code="d">2017-07-31</subfield>
    <subfield code="e">Donaci&#xF3;</subfield>
    <subfield code="h">1999-2000</subfield>
    <subfield code="l">0</subfield>
    <subfield code="o">579GUI</subfield>
    <subfield code="r">2017-07-31</subfield>
    <subfield code="w">2017-07-31</subfield>
    <subfield code="y">SER</subfield>
  </datafield>
  <datafield tag="952" ind1=" " ind2=" ">
    <subfield code="0">0</subfield>
    <subfield code="1">0</subfield>
    <subfield code="4">0</subfield>
    <subfield code="7">0</subfield>
    <subfield code="a">LLEIDA</subfield>
    <subfield code="b">LLEIDA</subfield>
    <subfield code="d">2017-07-31</subfield>
    <subfield code="e">Donaci&#xF3;</subfield>
    <subfield code="h">1999-2000</subfield>
    <subfield code="l">0</subfield>
    <subfield code="o">580GUI</subfield>
    <subfield code="r">2017-07-31</subfield>
    <subfield code="w">2017-07-31</subfield>
    <subfield code="y">SER</subfield>
  </datafield>
  <datafield tag="952" ind1=" " ind2=" ">
    <subfield code="0">0</subfield>
    <subfield code="1">0</subfield>
    <subfield code="4">0</subfield>
    <subfield code="7">0</subfield>
    <subfield code="a">CDMR</subfield>
    <subfield code="b">CDMR</subfield>
    <subfield code="d">2017-07-31</subfield>
    <subfield code="e">Donaci&#xF3;</subfield>
    <subfield code="h">1999-2000</subfield>
    <subfield code="l">0</subfield>
    <subfield code="o">Bb</subfield>
    <subfield code="r">2017-07-31</subfield>
    <subfield code="w">2017-07-31</subfield>
    <subfield code="y">SER</subfield>
  </datafield>
  <datafield tag="952" ind1=" " ind2=" ">
    <subfield code="0">0</subfield>
    <subfield code="1">0</subfield>
    <subfield code="4">0</subfield>
    <subfield code="7">0</subfield>
    <subfield code="a">GIRONA</subfield>
    <subfield code="b">GIRONA</subfield>
    <subfield code="d">2017-07-31</subfield>
    <subfield code="e">Donaci&#xF3;</subfield>
    <subfield code="h">1999-2000</subfield>
    <subfield code="l">0</subfield>
    <subfield code="o">Bb 1084</subfield>
    <subfield code="r">2017-07-31</subfield>
    <subfield code="w">2017-07-31</subfield>
    <subfield code="y">SER</subfield>
  </datafield>
  <datafield tag="952" ind1=" " ind2=" ">
    <subfield code="0">0</subfield>
    <subfield code="1">0</subfield>
    <subfield code="4">0</subfield>
    <subfield code="7">0</subfield>
    <subfield code="a">CDMR</subfield>
    <subfield code="b">CDMR</subfield>
    <subfield code="d">2017-07-31</subfield>
    <subfield code="e">Donaci&#xF3;</subfield>
    <subfield code="h">1996-1997</subfield>
    <subfield code="l">0</subfield>
    <subfield code="o">Bb</subfield>
    <subfield code="r">2017-07-31</subfield>
    <subfield code="w">2017-07-31</subfield>
    <subfield code="y">SER</subfield>
  </datafield>
  <datafield tag="952" ind1=" " ind2=" ">
    <subfield code="0">0</subfield>
    <subfield code="1">0</subfield>
    <subfield code="4">0</subfield>
    <subfield code="7">0</subfield>
    <subfield code="a">GIRONA</subfield>
    <subfield code="b">GIRONA</subfield>
    <subfield code="d">2017-07-31</subfield>
    <subfield code="e">Donaci&#xF3;</subfield>
    <subfield code="h">1996-1997</subfield>
    <subfield code="l">0</subfield>
    <subfield code="o">Bb 1028</subfield>
    <subfield code="r">2017-07-31</subfield>
    <subfield code="w">2017-07-31</subfield>
    <subfield code="y">SER</subfield>
  </datafield>
  <datafield tag="952" ind1=" " ind2=" ">
    <subfield code="0">0</subfield>
    <subfield code="1">0</subfield>
    <subfield code="4">0</subfield>
    <subfield code="7">0</subfield>
    <subfield code="a">LLEIDA</subfield>
    <subfield code="b">LLEIDA</subfield>
    <subfield code="d">2017-07-31</subfield>
    <subfield code="e">Donaci&#xF3;</subfield>
    <subfield code="h">1996-1997</subfield>
    <subfield code="l">0</subfield>
    <subfield code="o">578GUI</subfield>
    <subfield code="r">2017-07-31</subfield>
    <subfield code="w">2017-07-31</subfield>
    <subfield code="y">SER</subfield>
  </datafield>
  <datafield tag="952" ind1=" " ind2=" ">
    <subfield code="0">0</subfield>
    <subfield code="1">0</subfield>
    <subfield code="4">0</subfield>
    <subfield code="7">0</subfield>
    <subfield code="a">CDMR</subfield>
    <subfield code="b">CDMR</subfield>
    <subfield code="d">2017-07-31</subfield>
    <subfield code="e">Donaci&#xF3;</subfield>
    <subfield code="h">2000-2001</subfield>
    <subfield code="l">0</subfield>
    <subfield code="o">Bb</subfield>
    <subfield code="r">2017-07-31</subfield>
    <subfield code="w">2017-07-31</subfield>
    <subfield code="y">SER</subfield>
  </datafield>
  <datafield tag="952" ind1=" " ind2=" ">
    <subfield code="0">0</subfield>
    <subfield code="1">0</subfield>
    <subfield code="4">0</subfield>
    <subfield code="7">0</subfield>
    <subfield code="a">GIRONA</subfield>
    <subfield code="b">GIRONA</subfield>
    <subfield code="d">2017-07-31</subfield>
    <subfield code="e">Donaci&#xF3;</subfield>
    <subfield code="h">2000-2001</subfield>
    <subfield code="l">0</subfield>
    <subfield code="o">Bb 1088</subfield>
    <subfield code="r">2017-07-31</subfield>
    <subfield code="w">2017-07-31</subfield>
    <subfield code="y">SER</subfield>
  </datafield>
  <datafield tag="952" ind1=" " ind2=" ">
    <subfield code="0">0</subfield>
    <subfield code="1">0</subfield>
    <subfield code="4">0</subfield>
    <subfield code="7">0</subfield>
    <subfield code="a">CDMR</subfield>
    <subfield code="b">CDMR</subfield>
    <subfield code="d">2017-07-31</subfield>
    <subfield code="e">Donaci&#xF3;</subfield>
    <subfield code="h">2004-2005</subfield>
    <subfield code="l">0</subfield>
    <subfield code="o">Bb</subfield>
    <subfield code="r">2017-07-31</subfield>
    <subfield code="w">2017-07-31</subfield>
    <subfield code="y">SER</subfield>
  </datafield>
  <datafield tag="952" ind1=" " ind2=" ">
    <subfield code="0">0</subfield>
    <subfield code="1">0</subfield>
    <subfield code="4">0</subfield>
    <subfield code="7">0</subfield>
    <subfield code="a">GIRONA</subfield>
    <subfield code="b">GIRONA</subfield>
    <subfield code="d">2017-07-31</subfield>
    <subfield code="e">Donaci&#xF3;</subfield>
    <subfield code="h">2004-2005</subfield>
    <subfield code="l">0</subfield>
    <subfield code="o">Bb 1036</subfield>
    <subfield code="r">2017-07-31</subfield>
    <subfield code="w">2017-07-31</subfield>
    <subfield code="y">SER</subfield>
  </datafield>
  <datafield tag="952" ind1=" " ind2=" ">
    <subfield code="0">0</subfield>
    <subfield code="1">0</subfield>
    <subfield code="4">0</subfield>
    <subfield code="7">0</subfield>
    <subfield code="a">GIRONA</subfield>
    <subfield code="b">GIRONA</subfield>
    <subfield code="d">2017-07-31</subfield>
    <subfield code="e">Donaci&#xF3;</subfield>
    <subfield code="h">2004-2005</subfield>
    <subfield code="l">0</subfield>
    <subfield code="o">Bb 282</subfield>
    <subfield code="r">2017-07-31</subfield>
    <subfield code="w">2017-07-31</subfield>
    <subfield code="y">SER</subfield>
  </datafield>
  <datafield tag="952" ind1=" " ind2=" ">
    <subfield code="0">0</subfield>
    <subfield code="1">0</subfield>
    <subfield code="4">0</subfield>
    <subfield code="7">0</subfield>
    <subfield code="a">CDMR</subfield>
    <subfield code="b">CDMR</subfield>
    <subfield code="d">2017-07-31</subfield>
    <subfield code="e">Donaci&#xF3;</subfield>
    <subfield code="h">2008-2010</subfield>
    <subfield code="l">0</subfield>
    <subfield code="o">Bb</subfield>
    <subfield code="r">2017-07-31</subfield>
    <subfield code="w">2017-07-31</subfield>
    <subfield code="y">SER</subfield>
  </datafield>
  <datafield tag="952" ind1=" " ind2=" ">
    <subfield code="0">0</subfield>
    <subfield code="1">0</subfield>
    <subfield code="4">0</subfield>
    <subfield code="7">0</subfield>
    <subfield code="a">GIRONA</subfield>
    <subfield code="b">GIRONA</subfield>
    <subfield code="d">2017-07-31</subfield>
    <subfield code="e">Donaci&#xF3;</subfield>
    <subfield code="h">2008-2010</subfield>
    <subfield code="l">0</subfield>
    <subfield code="o">Bb 1133</subfield>
    <subfield code="r">2017-07-31</subfield>
    <subfield code="w">2017-07-31</subfield>
    <subfield code="y">SER</subfield>
  </datafield>
  <datafield tag="952" ind1=" " ind2=" ">
    <subfield code="0">0</subfield>
    <subfield code="1">0</subfield>
    <subfield code="4">0</subfield>
    <subfield code="7">0</subfield>
    <subfield code="a">CDMR</subfield>
    <subfield code="b">CDMR</subfield>
    <subfield code="d">2017-07-31</subfield>
    <subfield code="e">Donaci&#xF3;</subfield>
    <subfield code="h">1994-1995</subfield>
    <subfield code="l">0</subfield>
    <subfield code="o">Bb</subfield>
    <subfield code="r">2017-07-31</subfield>
    <subfield code="w">2017-07-31</subfield>
    <subfield code="y">SER</subfield>
  </datafield>
  <datafield tag="952" ind1=" " ind2=" ">
    <subfield code="0">0</subfield>
    <subfield code="1">0</subfield>
    <subfield code="4">0</subfield>
    <subfield code="7">0</subfield>
    <subfield code="a">GIRONA</subfield>
    <subfield code="b">GIRONA</subfield>
    <subfield code="d">2017-07-31</subfield>
    <subfield code="e">Donaci&#xF3;</subfield>
    <subfield code="h">1994-1995</subfield>
    <subfield code="l">0</subfield>
    <subfield code="o">Bb 1138</subfield>
    <subfield code="r">2017-07-31</subfield>
    <subfield code="w">2017-07-31</subfield>
    <subfield code="y">SER</subfield>
  </datafield>
  <datafield tag="952" ind1=" " ind2=" ">
    <subfield code="0">0</subfield>
    <subfield code="1">0</subfield>
    <subfield code="4">0</subfield>
    <subfield code="7">0</subfield>
    <subfield code="a">LLEIDA</subfield>
    <subfield code="b">LLEIDA</subfield>
    <subfield code="d">2017-07-31</subfield>
    <subfield code="e">Donaci&#xF3;</subfield>
    <subfield code="h">1994-1995</subfield>
    <subfield code="l">0</subfield>
    <subfield code="o">581GUI</subfield>
    <subfield code="r">2017-07-31</subfield>
    <subfield code="w">2017-07-31</subfield>
    <subfield code="y">SER</subfield>
  </datafield>
  <datafield tag="952" ind1=" " ind2=" ">
    <subfield code="0">0</subfield>
    <subfield code="1">0</subfield>
    <subfield code="4">0</subfield>
    <subfield code="7">0</subfield>
    <subfield code="a">LLEIDA</subfield>
    <subfield code="b">LLEIDA</subfield>
    <subfield code="d">2017-07-31</subfield>
    <subfield code="e">Donaci&#xF3;</subfield>
    <subfield code="h">1994-1995</subfield>
    <subfield code="l">0</subfield>
    <subfield code="o">582GUI</subfield>
    <subfield code="r">2017-07-31</subfield>
    <subfield code="w">2017-07-31</subfield>
    <subfield code="y">SER</subfield>
  </datafield>
</record>
